| 000 | 00590nam a22001457a 4500 | ||
|---|---|---|---|
| 999 |
_c20350 _d20350 |
||
| 008 | 240809b ||||| |||| 00| 0 eng d | ||
| 082 |
_22023 _aUT |
||
| 100 |
_aCawayan, Riveal S. _957401 |
||
| 245 |
_aAn analysis of civic readiness of college students for the national election 2022 in barangay poblacion, santa maria davao occidental / _cRiveal S. Cawayan and Edlindon M. Solo |
||
| 260 |
_aDigos City : _bUMDC, _cSeptember 2023. |
||
| 300 |
_aviii, 47 pages : _c30 cm. |
||
| 650 |
_aPolitical Science _xUndergraduate thesis. _938720 |
||
| 700 |
_aSolo, Edlindon M. _957402 |
||
| 942 |
_2ddc _cUT |
||